[Event "DVM U14w 2011"]
[Site "Arendsee (Altmark) GER"]
[Date "2011.12.29"]
[Round "6"]
[White "Heinemann, Josefine"]
[Black "Nobis, Anna"]
[Result "1/2-1/2"]
[Termination "normal"]
[Board "1.1"]
[WhiteElo "1800"]
[BlackElo "1560"]
[WhiteTeam "USC Magdeburg"]
[BlackTeam "Chemnitzer SC Aufbau '95"]
[WhiteFideId "12900460"]
[BlackFideId "1270302"]
[EventCountry "GER"]
[EventRounds "7"]
[EventType "team-swiss"]
[EventDate "2011.12.26"]

1. e4 c5 2. Nf3 Nc6 3. d4 cxd4 4. Nxd4 e5 5. Nb5 d6 6. N1c3 a6 7. Na3 Be6 8.
Nc4 b5 9. Ne3 Nf6 10. f3 Be7 11. Be2 O-O 12. O-O Nd4 13. Ned5 Rc8 14. Be3 Nxe2+
15. Qxe2 Nxd5 16. Nxd5 Bg5 17. Qd2 Bxe3+ 18. Nxe3 Qb6 19. Kh1 Rfd8 20. Rfd1 Rc5
21. Qf2 Qc6 22. c3 d5 23. exd5 Bxd5 24. Rd2 Rd7 25. Rad1 Be6 26. Rxd7 Bxd7 27.
Qd2 Be8 28. Nf5 Qe6 29. Nd6 Bc6 30. Nf5 h6 31. Ne3 Be8 32. Qd8 Rc8 33. Qd5 Qxd5
34. Nxd5 Kf8 35. Kg1 Rd8 36. Kf2 1/2-1/2

[Event "DVM U14w 2011"]
[Site "Arendsee (Altmark) GER"]
[Date "2011.12.29"]
[Round "6"]
[White "Kempe, Anne"]
[Black "Peschos, Celine"]
[Result "1-0"]
[Termination "normal"]
[Board "1.2"]
[WhiteElo "1648"]
[BlackElo "1442"]
[WhiteTeam "Chemnitzer SC Aufbau '95"]
[BlackTeam "USC Magdeburg"]
[WhiteFideId "12918083"]
[EventCountry "GER"]
[EventRounds "7"]
[EventType "team-swiss"]
[EventDate "2011.12.26"]

1. e4 e5 2. Nf3 Nc6 3. Bc4 Bc5 4. c3 Nf6 5. d4 exd4 6. cxd4 Bb4+ 7. Bd2 Bxd2+
8. Nbxd2 d6 9. O-O O-O 10. Qc2 Re8 11. Rfe1 Bg4 12. a3 Qd7 13. Bb3 d5 14. e5
Bf5 15. Qc3 Ne4 16. Nxe4 Bxe4 17. Nd2 Bg6 18. Rac1 Rac8 19. Qc5 Re6 20. Bxd5
Ree8 21. Nb3 Red8 22. Bxc6 bxc6 23. Qxc6 Qe7 24. Qa6 Ra8 25. Qc4 Rdc8 26. d5
Bf5 27. Nd4 Bd7 28. Nc6 Bxc6 29. Qxc6 Rd8 30. e6 fxe6 31. Qxe6+ Qxe6 32. dxe6
Re8 33. Rxc7 Rad8 34. f3 Rd2 35. b4 Rd6 36. e7 Kf7 37. Rxa7 1-0

[Event "DVM U14w 2011"]
[Site "Arendsee (Altmark) GER"]
[Date "2011.12.29"]
[Round "6"]
[White "Zander, Carolin"]
[Black "Hartewig, Anja"]
[Result "0-1"]
[Termination "normal"]
[Board "1.3"]
[WhiteElo "909"]
[BlackElo "1607"]
[WhiteTeam "USC Magdeburg"]
[BlackTeam "Chemnitzer SC Aufbau '95"]
[BlackFideId "12917966"]
[EventCountry "GER"]
[EventRounds "7"]
[EventType "team-swiss"]
[EventDate "2011.12.26"]

1. e4 d6 2. d4 Nf6 3. Nc3 g6 4. h3 Bg7 5. Nf3 c6 6. a4 O-O 7. Bc4 Nbd7 8. Bf4
Nxe4 9. Qd3 Nef6 10. O-O Nb6 11. b3 d5 12. Rfe1 dxc4 13. bxc4 Bf5 14. Qe2 Re8
15. Be5 Nbd7 16. Bxf6 Nxf6 17. Ng5 Qxd4 18. Nce4 Nxe4 19. Nxe4 Qxe4 20. Qxe4
Bxe4 21. Rab1 Bxc2 22. Rxb7 Bxa4 23. Rexe7 Rxe7 24. Rxe7 Bb3 25. Re4 a5 26. c5
a4 27. Re3 a3 28. Rxb3 a2 29. Rb6 a1=Q+ 30. Kh2 Qe5+ 31. Kg1 Ra1+ 0-1

[Event "DVM U14w 2011"]
[Site "Arendsee (Altmark) GER"]
[Date "2011.12.29"]
[Round "6"]
[White "Nitzsche, Pia"]
[Black "Merker, Vivien"]
[Result "1-0"]
[Termination "normal"]
[Board "1.4"]
[WhiteElo "1543"]
[BlackElo "1089"]
[WhiteTeam "Chemnitzer SC Aufbau '95"]
[BlackTeam "USC Magdeburg"]
[WhiteFideId "12900370"]
[BlackFideId "12927260"]
[EventCountry "GER"]
[EventRounds "7"]
[EventType "team-swiss"]
[EventDate "2011.12.26"]

1. c4 e5 2. Nc3 Nf6 3. g3 d5 4. cxd5 Nxd5 5. Bg2 Nb6 6. Nf3 Nc6 7. d3 Be7 8.
O-O O-O 9. a3 Be6 10. b4 a6 11. Rb1 Qd7 12. Re1 Bh3 13. Bh1 Nd4 14. Nxe5 Qf5
15. Nf3 c5 16. Be3 Rad8 17. bxc5 Bxc5 18. Bxd4 Rd6 19. Bxc5 Qxc5 20. Ne4 Qxa3
21. Nxd6 Qxd6 22. Qb3 Nd5 23. Ng5 Nc7 24. Nxh3 b5 25. Qb4 Qd8 26. Qa5 Qb8 27.
Rec1 Ne6 28. Qxa6 h6 29. Qxb5 Qa7 30. Ra1 Qe7 31. e3 Rd8 32. d4 Qf6 33. Ra8 Rf8
34. Rxf8+ Nxf8 35. Qe8 Qd6 36. Rc8 Qb4 37. Bd5 Kh7 38. Qxf8 Qb1+ 39. Kg2 Qf5
40. Qg8+ Kg6 41. Nf4+ Kf6 42. Qd8# 1-0

[Event "DVM U14w 2011"]
[Site "Arendsee (Altmark) GER"]
[Date "2011.12.29"]
[Round "6"]
[White "Manusina, Nicole"]
[Black "Mehling, Katharina"]
[Result "1-0"]
[Termination "normal"]
[Board "2.1"]
[WhiteElo "1752"]
[BlackElo "1663"]
[WhiteTeam "SG Oesede-Georgsmarienhütte"]
[BlackTeam "SpVgg Stetten"]
[WhiteFideId "24657514"]
[BlackFideId "12900362"]
[EventCountry "GER"]
[EventRounds "7"]
[EventType "team-swiss"]
[EventDate "2011.12.26"]

1. d4 Nf6 2. c4 g6 3. Nc3 Bg7 4. e4 d6 5. f3 O-O 6. Bg5 Nbd7 7. Qd2 e5 8. Nge2
a5 9. g4 Qe8 10. d5 Nc5 11. h4 Nxg4 12. fxg4 Bxg4 13. Bg2 f5 14. exf5 gxf5 15.
Be3 b6 16. Bxc5 bxc5 17. O-O-O Kh8 18. Kb1 e4 19. Rdf1 a4 20. Nf4 Bh6 21. Qe1
Bxf4 22. Rxf4 a3 23. Rhf1 Rg8 24. Nb5 Qb8 25. Qc3+ Rg7 26. Bxe4 1-0

[Event "DVM U14w 2011"]
[Site "Arendsee (Altmark) GER"]
[Date "2011.12.29"]
[Round "6"]
[White "Bosse, Lea"]
[Black "Böhm, Jana"]
[Result "1-0"]
[Termination "normal"]
[Board "2.2"]
[WhiteElo "1631"]
[BlackElo "1723"]
[WhiteTeam "SpVgg Stetten"]
[BlackTeam "SG Oesede-Georgsmarienhütte"]
[WhiteFideId "12900419"]
[BlackFideId "24661589"]
[EventCountry "GER"]
[EventRounds "7"]
[EventType "team-swiss"]
[EventDate "2011.12.26"]

1. e4 Nf6 2. e5 Nd5 3. c4 Nb6 4. d4 d6 5. exd6 exd6 6. Nc3 Nc6 7. Nf3 Bf5 8.
Be2 Be7 9. O-O Bf6 10. Be3 O-O 11. b3 Re8 12. Re1 Qd7 13. Qd2 a5 14. a3 Re7 15.
Nb5 Rae8 16. b4 a4 17. Rad1 d5 18. c5 Nc4 19. Bxc4 dxc4 20. Bf4 Qd8 21. Bxc7
Qd5 22. Bd6 Rxe1+ 23. Rxe1 Rxe1+ 24. Qxe1 Be6 25. Nc7 Qf5 26. d5 c3 27. dxe6
fxe6 28. Nxe6 c2 29. Ned4 Qg6 30. Nxc2 1-0

[Event "DVM U14w 2011"]
[Site "Arendsee (Altmark) GER"]
[Date "2011.12.29"]
[Round "6"]
[White "Hinzke, Anna-Lena"]
[Black "Schneider, Jana"]
[Result "1/2-1/2"]
[Termination "normal"]
[Board "2.3"]
[WhiteElo "1376"]
[BlackElo "1423"]
[WhiteTeam "SG Oesede-Georgsmarienhütte"]
[BlackTeam "SpVgg Stetten"]
[WhiteFideId "12928704"]
[BlackFideId "12924997"]
[EventCountry "GER"]
[EventRounds "7"]
[EventType "team-swiss"]
[EventDate "2011.12.26"]

1. e4 c5 2. Nf3 d6 3. d4 cxd4 4. Nxd4 Nf6 5. Nc3 a6 6. Bc4 e6 7. Bb3 b5 8. Bg5
Be7 9. Qf3 Bb7 10. Bxe6 fxe6 11. Nxe6 Qd7 12. Nxg7+ Kf7 13. Nh5 Qg4 14. Bxf6
Qxf3 15. gxf3 Bxf6 16. Nxf6 Kxf6 17. O-O-O Ke5 18. Rhg1 Rf8 19. Rg7 Bc6 20.
Re7+ Kf4 21. Rd3 Kg5 22. Rxh7 Kg6 23. Rh3 Rf6 24. Rg3+ Kf7 25. h4 Nd7 26. Ne2
Ne5 27. Rc3 d5 28. exd5 Bxd5 29. Rc7+ Kf8 30. Rh7 Nxf3 31. Rh8+ Ke7 32. Rxa8
Bxa8 33. Rg7+ Kf8 34. Rc7 Re6 35. Kd1 Rd6+ 36. Kc1 Bd5 37. h5 Bf7 38. Ng3 Re6
39. b3 Rh6 40. Ra7 Bxh5 41. Nxh5 Rxh5 42. Rxa6 Rf5 43. Rd6 Ng1 44. Ra6 Rxf2 45.
Ra5 Ne2+ 46. Kd2 Rh2 47. Kd3 Nc1+ 48. Kc3 b4+ 49. Kxb4 Rxc2 50. a3 Rf2 51. Ka4
Na2 52. Rc5 Rf3 53. Rc6 Nc3+ 54. Kb4 Nd5+ 55. Ka4 Nc3+ 56. Kb4 Nd5+ 57. Ka4
Nc3+ 1/2-1/2

[Event "DVM U14w 2011"]
[Site "Arendsee (Altmark) GER"]
[Date "2011.12.29"]
[Round "6"]
[White "Binner, Jule"]
[Black "Wang, Yanru"]
[Result "0-1"]
[Termination "normal"]
[Board "2.4"]
[WhiteElo "894"]
[BlackElo "1246"]
[WhiteTeam "SpVgg Stetten"]
[BlackTeam "SG Oesede-Georgsmarienhütte"]
[WhiteFideId "16205332"]
[BlackFideId "12929328"]
[EventCountry "GER"]
[EventRounds "7"]
[EventType "team-swiss"]
[EventDate "2011.12.26"]

1. e4 c6 2. d4 d5 3. exd5 cxd5 4. Bd3 Nf6 5. Nc3 Nc6 6. Nf3 Bg4 7. O-O Nxd4 8.
Bg5 Nxf3+ 9. gxf3 Be6 10. Bb5+ Bd7 11. Bxd7+ Qxd7 12. Bxf6 gxf6 13. Nxd5 O-O-O
14. Nf4 Rg8+ 15. Kh1 Qf5 16. Qc1 Bh6 17. Qe3 Qxf4 18. Qxf4 Bxf4 19. Rfe1 Rd7
20. Rg1 Rdd8 21. Rxg8 Rxg8 22. Rg1 Rxg1+ 23. Kxg1 Kd7 24. h3 Kd6 25. Kf1 Kd5
26. Ke2 Kd4 27. b3 Kc3 28. Kd1 b5 29. a4 bxa4 30. bxa4 a5 31. h4 h5 32. Ke2
Kxc2 33. Ke1 Kb3 34. Ke2 Kxa4 35. Kd3 Kb3 36. Ke4 Be5 37. Kd5 a4 38. Kc6 a3 39.
Kd7 a2 40. Kxe7 a1=Q 41. Kxf7 Qd4 42. Kg6 Qxh4 43. Kf7 Qxf2 44. Kg6 Qg3+ 45.
Kf7 h4 46. Ke6 h3 47. Kf7 h2 48. Ke6 h1=Q 49. Kf7 Qh7+ 50. Ke6 Qhh3+ 51. Kf7
Kc4 52. Kf8 Kd5 53. Kf7 Qh7+ 54. Kf8 Qgg8# 0-1

[Event "DVM U14w 2011"]
[Site "Arendsee (Altmark) GER"]
[Date "2011.12.29"]
[Round "6"]
[White "Halas, Lena"]
[Black "Siegl, Melina"]
[Result "0-1"]
[Termination "normal"]
[Board "3.1"]
[WhiteElo "1592"]
[BlackElo "1771"]
[WhiteTeam "USG Chemnitz"]
[BlackTeam "SC 1923 Bechhofen"]
[WhiteFideId "12931799"]
[BlackFideId "1272126"]
[EventCountry "GER"]
[EventRounds "7"]
[EventType "team-swiss"]
[EventDate "2011.12.26"]

1. e4 c5 2. Nf3 b6 3. d4 cxd4 4. Nxd4 Bb7 5. Nc3 a6 6. Nb3 e6 7. Bf4 Bb4 8. f3
d5 9. exd5 Bxd5 10. Bd2 Bb7 11. a3 Be7 12. Bf4 Qxd1+ 13. Rxd1 Nf6 14. Be2 O-O
15. O-O Nbd7 16. Bd6 Bxd6 17. Rxd6 Rfd8 18. Rfd1 Kf8 19. R6d2 Ke7 20. Kf2 Rac8
21. Bd3 Ne5 22. Be2 Rxd2 23. Rxd2 Nc4 24. Bxc4 Rxc4 25. g3 g6 26. Rd4 Rc7 27.
Rd2 h5 28. Na4 Nd5 29. f4 Nf6 30. Nc3 Ng4+ 31. Ke1 Ne3 32. Re2 Nc4 33. Na4 Bc6
34. Nc3 Nxb2 35. Nd2 Na4 36. Nxa4 Bxa4 37. Nb3 Bb5 38. Rd2 Bc4 39. Kf2 Bd5 40.
a4 Rc3 41. a5 Bxb3 42. cxb3 Rxb3 43. axb6 Rxb6 44. Ra2 Kf6 45. Ra5 Rd6 46. Ke3
Kg7 47. h3 Kf6 48. Ke2 Ke7 49. Ke3 Kd7 50. Ke4 f6 51. g4 hxg4 52. hxg4 f5+ 53.
gxf5 gxf5+ 54. Ke3 Kc7 55. Re5 Kb6 56. Ke2 a5 57. Re3 a4 58. Ra3 Kb5 59. Ra1
Rd4 60. Ke3 Rb4 0-1

[Event "DVM U14w 2011"]
[Site "Arendsee (Altmark) GER"]
[Date "2011.12.29"]
[Round "6"]
[White "Alsheimer, Lea"]
[Black "Oltmanns, Bianca"]
[Result "0-1"]
[Termination "normal"]
[Board "3.2"]
[WhiteElo "1287"]
[BlackElo "1672"]
[WhiteTeam "SC 1923 Bechhofen"]
[BlackTeam "USG Chemnitz"]
[WhiteFideId "12918180"]
[BlackFideId "24698008"]
[EventCountry "GER"]
[EventRounds "7"]
[EventType "team-swiss"]
[EventDate "2011.12.26"]

1. d4 e6 2. e4 d5 3. e5 c5 4. b3 Nc6 5. Nf3 Qb6 6. Bb2 Be7 7. Nbd2 Bd7 8. Be2
f6 9. exf6 Nxf6 10. Nf1 O-O 11. Ng3 Rac8 12. Qd2 cxd4 13. Bxd4 Nxd4 14. Qxd4
Bb4+ 15. Kf1 Bc5 16. Qe5 Bxf2 17. Qg5 Be3 18. Qh4 Rxc2 19. Rd1 Rxa2 20. Bd3
Qxb3 21. Be2 Ra4 22. Rd3 Ra1+ 23. Rd1 Rxd1+ 24. Bxd1 Qxd1+ 25. Ne1 Ne4+ 26. Nf5
Nd2# 0-1

[Event "DVM U14w 2011"]
[Site "Arendsee (Altmark) GER"]
[Date "2011.12.29"]
[Round "6"]
[White "Kluge, Leyla"]
[Black "Böse, Christina"]
[Result "1-0"]
[Termination "normal"]
[Board "3.3"]
[WhiteElo "1565"]
[BlackElo "1112"]
[WhiteTeam "USG Chemnitz"]
[BlackTeam "SC 1923 Bechhofen"]
[WhiteFideId "12918172"]
[BlackFideId "12929654"]
[EventCountry "GER"]
[EventRounds "7"]
[EventType "team-swiss"]
[EventDate "2011.12.26"]

1. c4 Nf6 2. Nc3 e6 3. d4 d5 4. cxd5 exd5 5. Bg5 Be7 6. Nf3 Nbd7 7. e3 b6 8.
Bb5 a6 9. Bc6 Rb8 10. Bxf6 Bxf6 11. Bxd5 O-O 12. O-O c5 13. Qd3 cxd4 14. exd4
b5 15. Be4 g6 16. Nd5 Bb7 17. Nxf6+ Nxf6 18. Bxb7 Rxb7 19. Rfe1 Nd5 20. Qd2 Rc7
21. Rac1 Rxc1 22. Rxc1 Re8 23. a3 f6 24. h3 Kg7 25. Rc5 Qd6 26. b4 Ra8 27. Qa2
Rd8 28. Qc2 Ne7 29. Rc7 Rd7 30. Rxd7 Qxd7 31. Qc5 Nf5 32. Qb6 Qc8 33. Qa7+ Kf8
34. Qc5+ Qxc5 35. dxc5 Ke7 36. Kf1 Kd7 37. Ke2 Kc6 38. g4 Ne7 39. Nd4+ Kd5 40.
Kd3 g5 41. Nf5 Nxf5 42. gxf5 a5 43. bxa5 Kxc5 44. a6 Kb6 45. a7 Kxa7 46. Kd4
Ka6 47. Kd5 Ka5 48. Ke6 Ka4 49. Kxf6 Kxa3 50. Kg7 b4 51. f6 b3 52. f7 b2 53.
f8=Q+ Ka2 54. Qa8+ Kb1 55. Qb7 Kc1 56. Kxh7 b1=Q+ 57. Qxb1+ Kxb1 58. Kg6 Kc2
59. Kxg5 Kd3 60. h4 Ke4 1-0

[Event "DVM U14w 2011"]
[Site "Arendsee (Altmark) GER"]
[Date "2011.12.29"]
[Round "6"]
[White "Böse, Carolin"]
[Black "Jentzsch, Juliane"]
[Result "1/2-1/2"]
[Termination "normal"]
[Board "3.4"]
[WhiteElo "969"]
[BlackElo "1227"]
[WhiteTeam "SC 1923 Bechhofen"]
[BlackTeam "USG Chemnitz"]
[WhiteFideId "12929646"]
[EventCountry "GER"]
[EventRounds "7"]
[EventType "team-swiss"]
[EventDate "2011.12.26"]

1. e4 c5 2. b4 cxb4 3. a3 bxa3 4. d4 g6 5. Nxa3 Bg7 6. Nb5 a6 7. Nf3 Nc6 8. Bf4
d6 9. c4 Rb8 10. Nc3 Bg4 11. Be2 Bxf3 12. Bxf3 Nxd4 13. c5 Ne6 14. Qb3 Nxf4 15.
O-O dxc5 16. Rfd1 Qc7 17. Qa4+ Qc6 18. Qc4 Nf6 19. e5 Qe6 20. Qxf4 Nh5 21. Qa4+
b5 22. Qxa6 Qxa6 23. Rxa6 Bxe5 24. Bc6+ Kf8 25. Nxb5 Nf4 26. g3 Ne2+ 27. Kf1
Nc3 28. Nxc3 Bxc3 29. Rc1 Bd4 30. h4 Kg7 31. g4 Rbd8 32. h5 Rd6 33. Ra8 Rxa8
34. Bxa8 Ra6 35. Bd5 Ra1 36. Rxa1 Bxa1 37. hxg6 hxg6 38. f3 f6 39. Kf2 g5 40.
Ke3 Kf8 41. Ke4 Ke8 42. Kf5 Kd7 43. f4 gxf4 44. Kxf4 Kd6 45. Ke4 Kc7 46. Kf5
Kd6 47. Ke4 Bd4 48. Bc4 Kc6 49. Bd3 Kb6 50. Kd5 Be5 51. Bf1 Bd6 52. Be2 Ka5 53.
Bf1 Kb4 54. Be2 Kc3 55. Bf1 Kd2 56. Bb5 Ke3 57. Ba4 Kf4 58. Bd1 1/2-1/2

[Event "DVM U14w 2011"]
[Site "Arendsee (Altmark) GER"]
[Date "2011.12.29"]
[Round "6"]
[White "Diederichs, Luise"]
[Black "Bork, Sophie"]
[Result "1-0"]
[Termination "normal"]
[Board "4.1"]
[WhiteElo "1753"]
[BlackElo "1548"]
[WhiteTeam "Tura Harksheide"]
[BlackTeam "SV Welper"]
[WhiteFideId "24661597"]
[BlackFideId "12905429"]
[EventCountry "GER"]
[EventRounds "7"]
[EventType "team-swiss"]
[EventDate "2011.12.26"]

1. c4 e5 2. g3 Nf6 3. Bg2 c6 4. d4 exd4 5. Qxd4 d5 6. Nf3 dxc4 7. Qxd8+ Kxd8 8.
Bg5 Be7 9. Ne5 Be6 10. Nd2 Bb4 11. O-O-O Bxd2+ 12. Rxd2+ Ke7 13. Rc2 h6 14.
Bxf6+ Kxf6 15. Nxc4 Rd8 16. a3 Na6 17. Nd2 Rd7 18. f4 Ke7 19. e4 f6 20. Nf3
Rad8 21. Rd2 Rxd2 22. Nxd2 Nc5 23. Kc2 Bf7 24. Re1 Bg6 25. Re3 Kf8 26. b4 Na6
27. Nb3 Rd7 28. Bf1 Nb8 29. Bd3 b6 30. Kc3 Ke7 31. Be2 Kf8 32. g4 Re7 33. Bf3
Nd7 34. Nd4 Nb8 35. Re2 Ke8 36. e5 fxe5 37. Nxc6 Nxc6 38. Bxc6+ Kf7 39. fxe5
Rc7 40. b5 a6 41. a4 axb5 42. axb5 Ke6 43. Kd4 Rc8 44. Bd5+ Ke7 45. Ra2 Be8 46.
Ra7+ Kf8 47. Bc6 Bxc6 48. bxc6 Rxc6 49. Kd5 Rg6 50. h3 Kg8 51. e6 Rg5+ 52. Kd6
h5 53. Ra8+ Kh7 54. e7 hxg4 55. e8=Q g3 56. Qe4+ Rg6+ 57. Kd5 g2 58. Rh8+ Kxh8
1-0

[Event "DVM U14w 2011"]
[Site "Arendsee (Altmark) GER"]
[Date "2011.12.29"]
[Round "6"]
[White "Hütte, Sarah"]
[Black "Schramm, Anna-Lena"]
[Result "1-0"]
[Termination "normal"]
[Board "4.2"]
[WhiteElo "1055"]
[BlackElo "1322"]
[WhiteTeam "SV Welper"]
[BlackTeam "Tura Harksheide"]
[WhiteFideId "12929611"]
[BlackFideId "12918237"]
[EventCountry "GER"]
[EventRounds "7"]
[EventType "team-swiss"]
[EventDate "2011.12.26"]

1. c4 e6 2. g3 d5 3. Bg2 Nf6 4. Nf3 c6 5. b3 Be7 6. Nc3 O-O 7. O-O Nbd7 8. d4
Nb6 9. Ne5 Nfd7 10. Qd3 c5 11. e3 Nxe5 12. dxe5 dxc4 13. Qxd8 Rxd8 14. e4 cxb3
15. axb3 Nd7 16. f4 b6 17. Be3 Bb7 18. Rfd1 f6 19. Bh3 Nf8 20. exf6 Bxf6 21. e5
Be7 22. Nb5 Rxd1+ 23. Rxd1 Bd8 24. Rd6 Bd5 25. Bg2 a6 26. Rxd5 axb5 27. Rd1 Bc7
28. Bxa8 Kf7 29. Bc6 b4 30. Ra1 Kg6 31. Ra8 c4 32. Rxf8 cxb3 33. g4 b2 34. Be4+
Kh6 35. f5+ g5 36. fxg6+ Kg7 37. gxh7 Kxf8 38. h8=Q+ Ke7 39. Qf6+ Kd7 40. Qf7+
Kc8 41. Qxe6+ Kb8 42. Qe8+ Ka7 43. Qa8# 1-0

[Event "DVM U14w 2011"]
[Site "Arendsee (Altmark) GER"]
[Date "2011.12.29"]
[Round "6"]
[White "Köhler, Inken"]
[Black "Marx, Jasmin"]
[Result "1/2-1/2"]
[Termination "normal"]
[Board "4.3"]
[WhiteElo "1261"]
[BlackElo "1025"]
[WhiteTeam "Tura Harksheide"]
[BlackTeam "SV Welper"]
[WhiteFideId "12929301"]
[BlackFideId "12929620"]
[EventCountry "GER"]
[EventRounds "7"]
[EventType "team-swiss"]
[EventDate "2011.12.26"]

1. e4 d5 2. exd5 Qxd5 3. Nc3 Qa5 4. d4 Nf6 5. Bc4 c6 6. Bd2 Qb6 7. Nf3 Bg4 8.
Be3 Qd8 9. Bxf7+ Kxf7 10. Ne5+ Kg8 11. Nxg4 e6 12. Bg5 Be7 13. Qe2 Nxg4 14.
Bxe7 Qxe7 15. Qxg4 Nd7 16. O-O-O Nf6 17. Qe2 Kf7 18. Rhe1 Rhe8 19. Rd3 Rad8 20.
Ne4 Nxe4 21. Qxe4 g6 22. Rf3+ Kg8 23. Qe5 Rd6 24. Rf6 b6 25. c4 Red8 26. Rxe6
Rxe6 27. Qxe6+ Qxe6 28. Rxe6 Rxd4 29. Rxc6 Re4 30. Kd2 Re7 31. b4 Kf8 32. a4
Rb7 33. Ke3 Kg7 34. Kf4 Rf7+ 35. Kg3 Rd7 36. a5 bxa5 37. bxa5 Rd3+ 38. Kg4 Rd7
39. Re6 Rc7 40. Re4 Rd7 41. c5 Rc7 42. Rc4 Rc6 43. Kf4 Kf6 44. Ke4 Ke6 45. Kd4
Kd7 46. Kd5 Rf6 47. c6+ Kc7 48. Kc5 Rf5+ 49. Kb4 a6 50. Rh4 h5 51. Re4 Kd6 52.
Rc4 Kc7 53. f4 Rb5+ 54. Ka4 1/2-1/2

[Event "DVM U14w 2011"]
[Site "Arendsee (Altmark) GER"]
[Date "2011.12.29"]
[Round "6"]
[White "Venjakob, Alina"]
[Black "Fröhlich, Jonna"]
[Result "1/2-1/2"]
[Termination "normal"]
[Board "4.4"]
[WhiteElo "1026"]
[BlackElo "789"]
[WhiteTeam "SV Welper"]
[BlackTeam "Tura Harksheide"]
[WhiteFideId "12964492"]
[EventCountry "GER"]
[EventRounds "7"]
[EventType "team-swiss"]
[EventDate "2011.12.26"]

1. e4 e5 2. Nf3 Nc6 3. Bc4 Nf6 4. d4 Nxe4 5. d5 Na5 6. Bd3 Nc5 7. Nxe5 d6 8.
Bd2 c6 9. b4 Nxd3+ 10. Nxd3 Qf6 11. Bc3 Qe7+ 12. Qe2 Nc4 13. Nf4 Ne5 14. Nd2
Qg5 15. Qe3 Be7 16. g3 O-O 17. Ne4 Qf5 1/2-1/2

[Event "DVM U14w 2011"]
[Site "Arendsee (Altmark) GER"]
[Date "2011.12.29"]
[Round "6"]
[White "Ley, Sabrina"]
[Black "Höschen, Franziska"]
[Result "1-0"]
[Termination "normal"]
[Board "5.1"]
[WhiteElo "1324"]
[BlackElo "1377"]
[WhiteTeam "Turm Lahnstein"]
[BlackTeam "SF Paderborn"]
[WhiteFideId "12938130"]
[EventCountry "GER"]
[EventRounds "7"]
[EventType "team-swiss"]
[EventDate "2011.12.26"]

1. e4 c5 2. d4 cxd4 3. c3 dxc3 4. Nxc3 g6 5. Nf3 Bg7 6. Bc4 Nf6 7. Bf4 O-O 8.
e5 Nh5 9. Be3 Bh8 10. Bh6 Ng7 11. O-O d6 12. exd6 Qxd6 13. Qxd6 exd6 14. Nb5
Nc6 15. Nxd6 Rb8 16. Rfe1 Bd7 17. Ng5 Nd8 18. Nge4 b6 19. Nf6# 1-0

[Event "DVM U14w 2011"]
[Site "Arendsee (Altmark) GER"]
[Date "2011.12.29"]
[Round "6"]
[White "Bürger, Jessica"]
[Black "Usczeck, Alina"]
[Result "0-1"]
[Termination "normal"]
[Board "5.2"]
[WhiteElo "1270"]
[BlackElo "1272"]
[WhiteTeam "SF Paderborn"]
[BlackTeam "Turm Lahnstein"]
[WhiteFideId "12917974"]
[BlackFideId "12938114"]
[EventCountry "GER"]
[EventRounds "7"]
[EventType "team-swiss"]
[EventDate "2011.12.26"]

1. e4 c6 2. d3 d5 3. Nd2 Nf6 4. e5 Ng8 5. Ngf3 Bf5 6. g3 e6 7. Bg2 Nd7 8. O-O
Bc5 9. d4 Bb6 10. c4 dxc4 11. Nxc4 Bc7 12. a4 Nb6 13. Ne3 Bg6 14. b3 Ne7 15.
Re1 O-O 16. Nh4 Qd7 17. Ba3 Rfd8 18. a5 Nbd5 19. Nxd5 Nxd5 20. Nxg6 hxg6 21.
Bb2 Ne7 22. g4 Kh7 23. Qd2 c5 24. Rad1 cxd4 25. Qxd4 Qxd4 26. Rxd4 Bxa5 27.
Red1 Nc6 28. Rd7 Rab8 29. Bf3 Kg8 30. Rxd8+ Rxd8 31. Rxd8+ Bxd8 32. Bxc6 bxc6
33. Bd4 Bb6 34. Bxb6 axb6 35. Kf1 Kf8 36. Ke2 Ke7 37. Kd3 Kd7 38. Kc4 Kc7 39.
b4 Kb7 40. b5 cxb5+ 41. Kxb5 Kc7 42. h4 Kb7 43. f3 Kc7 44. f4 Kb7 45. f5 gxf5
46. g5 g6 47. Kc4 Kc6 48. Kd4 b5 49. Kc3 f4 50. Kd4 b4 0-1

[Event "DVM U14w 2011"]
[Site "Arendsee (Altmark) GER"]
[Date "2011.12.29"]
[Round "6"]
[White "Rau, Jennifer"]
[Black "Schrödter, Lisa"]
[Result "1/2-1/2"]
[Termination "normal"]
[Board "5.3"]
[WhiteElo "1215"]
[BlackElo "1104"]
[WhiteTeam "Turm Lahnstein"]
[BlackTeam "SF Paderborn"]
[WhiteFideId "12983276"]
[EventCountry "GER"]
[EventRounds "7"]
[EventType "team-swiss"]
[EventDate "2011.12.26"]

1. Nf3 Nc6 2. g3 e5 3. d3 Nf6 4. Bg2 Be7 5. O-O O-O 6. c3 d6 7. Nbd2 Be6 8. Qc2
Qc8 9. e4 Bh3 10. a4 Bxg2 11. Kxg2 a6 12. b4 d5 13. Bb2 Bd6 14. b5 axb5 15.
axb5 Rxa1 16. Rxa1 Ne7 17. d4 exd4 18. cxd4 dxe4 19. Nxe4 Nxe4 20. Qxe4 c6 21.
Ng5 g6 22. Rc1 Re8 23. Qf3 f5 24. Qb3+ Nd5 25. bxc6 bxc6 26. Qc4 Kg7 27. Ra1
Qb7 28. Bc3 Qb5 29. Ra7+ Kf6 30. Nxh7+ Ke6 31. Qxb5 cxb5 32. Bb2 b4 33. Ng5+
1/2-1/2

[Event "DVM U14w 2011"]
[Site "Arendsee (Altmark) GER"]
[Date "2011.12.29"]
[Round "6"]
[White "Thölke, Nina"]
[Black "Schneider, Anna"]
[Result "0-1"]
[Termination "normal"]
[Board "5.4"]
[WhiteElo "1013"]
[BlackElo "964"]
[WhiteTeam "SF Paderborn"]
[BlackTeam "Turm Lahnstein"]
[EventCountry "GER"]
[EventRounds "7"]
[EventType "team-swiss"]
[EventDate "2011.12.26"]

1. e4 e5 2. Nf3 Nc6 3. Bc4 Be7 4. d3 Nf6 5. O-O d5 6. exd5 Nxd5 7. h3 O-O 8.
Nc3 Nxc3 9. bxc3 Bc5 10. Re1 Re8 11. Bb2 Bb6 12. d4 exd4 13. Rxe8+ Qxe8 14.
cxd4 Bf5 15. Ng5 Qd7 16. c3 Rf8 17. Ba3 Ne7 18. Bd3 Bxd3 19. Qxd3 g6 20. Ne4
Qe6 21. Qc2 Re8 22. f3 f5 23. Nc5 Bxc5 24. Bxc5 b6 25. Ba3 Nd5 26. Qd2 Qe3+ 27.
Qf2 Qxc3 28. Qb2 Qxb2 29. Bxb2 Re2 30. Ba3 Nf4 31. Kf1 Rd2 32. g3 Ne6 33. Re1
Kf7 34. Bb4 Rxd4 35. Bc3 Rd3 36. Be5 Rxf3+ 37. Kg2 Ra3 38. Re2 Ra4 39. Rd2 Ke7
40. Re2 Re4 41. Rxe4 fxe4 42. Kf2 Kd7 43. Ke3 Kc6 44. Kxe4 Kb5 45. Kd5 Ng5 46.
h4 c6+ 47. Kd6 Nf7+ 48. Ke6 Nxe5 49. Kxe5 Kc4 50. Kd6 c5 51. Kc6 Kd3 52. Kb7 c4
53. Kxa7 c3 54. a4 c2 55. Kxb6 c1=Q 56. a5 Qb2+ 57. Ka7 Qb5 58. a6 Kc4 59. g4
Kc5 60. g5 Qb6+ 61. Ka8 Kc6 62. h5 Kc7 63. a7 Qb7# 0-1

[Event "DVM U14w 2011"]
[Site "Arendsee (Altmark) GER"]
[Date "2011.12.29"]
[Round "6"]
[White "Wiesner, Paula"]
[Black "Winterberg, Johanna"]
[Result "1-0"]
[Termination "normal"]
[Board "6.1"]
[WhiteElo "1780"]
[BlackElo "1263"]
[WhiteTeam "Karlsruher SF"]
[BlackTeam "SV Breitenworbis"]
[WhiteFideId "24654019"]
[BlackFideId "12929344"]
[EventCountry "GER"]
[EventRounds "7"]
[EventType "team-swiss"]
[EventDate "2011.12.26"]

1. d4 Nf6 2. c4 d6 3. Nc3 Nbd7 4. e4 e5 5. Nf3 Be7 6. Be2 O-O 7. O-O b6 8. d5
Nc5 9. Qc2 a5 10. h3 Ne8 11. b3 f5 12. Nd2 f4 13. a3 Bd7 14. Bb2 Na6 15. Nb5
Bxb5 16. cxb5 Nc5 17. b4 axb4 18. axb4 Nd7 19. Bg4 Nef6 20. Be6+ Kh8 21. Rfe1
Rxa1 22. Rxa1 Qb8 23. Qc6 Qc8 24. Ra7 Nb8 25. Qxc7 Qxc7 26. Rxc7 Bd8 27. Rb7
Nxe4 28. Nxe4 Bf6 29. Nxd6 g6 30. Nf7+ 1-0